000 00315 a2200133 4500
001 194791
040 _cMagnum
100 _aAbreu, João Capistrano de
240 1 0 _aCapítulo de história colonial
_lpor
245 1 0 _aCapítulo de história colonial
300 _a121
697 _aLITERATURA GERAL
942 _cBK
999 _c194791
_d194791